[Event "Witney op-B 9th"]
[Site "Witney"]
[Date "2022.11.05"]
[Round "2"]
[White "Timbrell, Matthew"]
[Black "Dooley, Max"]
[Result "0-1"]
[WhiteElo "1426"]
[BlackElo "1799"]
[PlyCount "70"]
[EventDate "2022.11.05"]
[EventType "swiss"]
[EventRounds "5"]
[EventCountry "ENG"]
[SourceTitle "CBM 211 Extra"]
[Source "ChessBase"]
[SourceDate "2023.01.31"]
[SourceVersion "1"]
[SourceVersionDate "2023.01.31"]
[SourceQuality "1"]

1. c4 Nf6 2. Nc3 g6 3. d4 Bg7 4. e4 d6 5. Nf3 0-0 6. Be2 e5 7. d5 Nbd7 8. Be3 Ng4 9. Bg5 f6 10. Bh4 Qe8 11. Nb5 Qd8 12. Nd2 Nh6 13. 0-0 a6 14. Nc3 g5 15. Bg3 f5 16. f3 f4 17. Bf2 Nf6 18. b4 g4 19. c5 g3 20. hxg3 fxg3 21. Bxg3 Nh5 22. Bf2 Nf4 23. Kh2 Qg5 24. g4 Nxg4+ 25. fxg4 Qh6+ 26. Kg1 Qh3 27. Bf3 Bxg4 28. Be3 Qg3+ 29. Kh1 Rf6 30. Bxf4 exf4 31. Bxg4 Rh6+ 32. Bh5 Qh3+ 33. Kg1 Rxh5 34. Qe2 Rg5+ 35. Kf2 Qg3# 0-1

[Event "Leamington Spa 4NCL op-B 28th"]
[Site "Leamington Spa"]
[Date "2022.07.09"]
[Round "3"]
[White "Dooley, Max"]
[Black "Pyda, Arjun"]
[Result "1-0"]
[WhiteElo "1728"]
[BlackElo "1789"]
[PlyCount "83"]
[EventDate "2022.07.08"]
[EventType "swiss"]
[EventRounds "5"]
[EventCountry "ENG"]
[SourceTitle "CBM 209 Extra"]
[Source "ChessBase"]
[SourceDate "2022.09.30"]
[SourceVersion "1"]
[SourceVersionDate "2022.09.30"]
[SourceQuality "1"]

1. e4 d5 2. exd5 Qxd5 3. Nc3 Qd8 4. d4 c6 5. Nf3 Bf5 6. Bc4 e6 7. 0-0 Nf6 8. h3 h6 9. Re1 Be7 10. Qe2 Nd5 11. Ne4 0-0 12. Ng3 Bh7 13. a4 Nd7 14. Bd2 Bd6 15. Ne5 Nxe5 16. dxe5 Bc5 17. Qg4 Kh8 18. c3 Qb6 19. Rf1 Qxb2 20. Nh5 Bg6 21. Ra2 Qb6 22. Bxd5 cxd5 23. Qh4 Bxh5 24. Qxh5 Kh7 25. a5 Qd8 26. Ra4 Be7 27. Rg4 g5 28. h4 f6 29. exf6 Qe8 30. Qxe8 Raxe8 31. fxe7 Rxe7 32. hxg5 hxg5 33. Rxg5 b6 34. axb6 axb6 35. g3 Rg7 36. Rh5+ Kg6 37. Rh6+ Kf5 38. Re1 Re8 39. Bf4 Rb7 40. Re5+ Kg4 41. Kg2 b5 42. f3# 1-0